Höchste Siege in einem CL-Finale - Statistiken

Allgemein
  • Dieses Quiz wurde 94 mal gespielt
  • Das Durchschnittsergebnis liegt bei 3 aus 5
Antwortstatistiken
Saison Gegner Ergebnis Sieger % Korrekt
2024/25 Inter Mailand 0:5 Paris Saint-Germain
100%
1959/60 Eintracht Frankfurt 3:7 Real Madrid
84%
1973/74 Atlético Madrid 0:4 FC Bayern München
60%
1993/94 FC Barcelona 0:4 AC Milan
38%
1988/89 Steaua Bucuresti 0:4 AC Milan
30%
Keine übereinstimmenden Quizze gefunden
Verteilung der Resultate
Anzahl Personen mit jedem Resultat
Perzentil nach korrekt beantworteten Fragen
Ihre Resultats-Entwicklung
Sie haben dieses Quiz noch nicht gespielt